The waite group,s Obeject-Oriented Programming in Turbo C++ / (Record no. 191043)

000 -LEADER
fixed length control field 00421 a2200157 4500
003 - CONTROL NUMBER IDENTIFIER
control field Nust
005 - DATE AND TIME OF LATEST TRANSACTION
control field 20250919180847.0
040 ## - CATALOGING SOURCE
Transcribing agency Nust
082 ## - DEWEY DECIMAL CLASSIFICATION NUMBER
Classification number 005.265,LAF
100 ## - MAIN ENTRY--PERSONAL NAME
Personal name Lafore,Robert
9 (RLIN) 10251
245 ## - TITLE STATEMENT
Title The waite group,s Obeject-Oriented Programming in Turbo C++ /
Statement of responsibility, etc. Robert Lafore
260 ## - PUBLICATION, DISTRIBUTION, ETC.
Place of publication, distribution, etc. New Delhi
Name of publisher, distributor, etc. Galgotia Publication PVT,LTD
Date of publication, distribution, etc. 1992
300 ## - PHYSICAL DESCRIPTION
Extent xxvi,739p
650 ## - SUBJECT ADDED ENTRY--TOPICAL TERM
Topical term or geographic name entry element C++
9 (RLIN) 36797
942 ## - ADDED ENTRY ELEMENTS (KOHA)
Source of classification or shelving scheme
Koha item type Book
Holdings
Withdrawn status Lost status Source of classification or shelving scheme Damaged status Not for loan Permanent Location Current Location Shelving location Date acquired Full call number Barcode Date last seen Price effective from Koha item type Public note
          Military College of Signals (MCS) Military College of Signals (MCS) General Stacks 12/12/2016 005.265,LAF MCS26192 12/08/2016 12/12/2016 Book Almirah No.80, Shelf No.3
© 2023 Central Library, National University of Sciences and Technology. All Rights Reserved.